Strategicky dôležité bankové inštitúcie (SIFI), ich úlohy a perspektívy bakalárska práca

Salvato in:
Dettagli Bibliografici
Autore principale: Surmanová, Zuzana
Ente Autore: Národohospodárska fakulta EU. Katedra bankovníctva a medzinárodných financií
Altri autori: Žoldáková, Natália, 1985-
Natura: Libro
Lingua:slovacco
Pubblicazione: Bratislava 2013
Tags: Aggiungi Tag
Nessun Tag, puoi essere il primo ad aggiungerne!!

MARC

LEADER 00000nbm a2200000 4500
001 0172514
005 20161109112057.8
041 0 |a slo 
044 |a SK 
245 1 0 |a Strategicky dôležité bankové inštitúcie (SIFI), ich úlohy a perspektívy  |b bakalárska práca  |c Zuzana Surmanová ; školiteľ: Natália Žoldáková 
264 1 |a Bratislava  |c 2013 
300 |a 39 s. 
100 1 |a Surmanová, Zuzana 
700 1 |a Žoldáková, Natália, 1985- 
710 2 |a Národohospodárska fakulta EU. Katedra bankovníctva a medzinárodných financií